LEADER 00854nam a2200229 4500 001 000000361900 003 CaOOAMICUS 005 20250306114359.0 008 250303s20uu it a 000 u ita r 040 $aSeMil$bita 245 03$aLa fede dei poveri /$c[Giuseppe Mani]. 264 1$a[S.l. :$bs.n.],$c[2000?] 300 $a115 p. :$bill. ;$c17x17 cm 650 4$aPovertà - Meditazioni.$0(OLS)http://semarc/subject/6357 700 1 $aMani, Giuseppe,$c.$0(OLS)http://semarc/name/121618 850 $aSeMil 852 $aSeMil$W1$xVenegono$y1$m3F I 1126$j254988$B252843$CSeMilBibl$Z2$F252843 $81 941 1 $a7 961 $aOmaggio mons. Mario Delpini 996 $6245$aLa fede dei poveri$9(OLS)http://semarc/title/452740 996 $6264$a[S.l. :$bs.n.]$9(OLS)http://semarc/publisher/29751 LEADER 00751naa a2200169 i 4500 001 000000307085 003 CaOOAMICUS 005 20180831172909.0 008 180831n it u000 u ita u 013 $a15693 040 $aSeMil$bita 100 1 $aPaleari, Marco <1968- >.$0(OLS)http://semarc/name/92144 245 14$aIl "dramma" della riconciliazione. 650 4$aPenitenza .$0(OLS)http://semarc/subject/3014 650 4$aRiconciliazione - Sacramento.$0(OLS)http://semarc/subject/34125 773 0 $aPaleari, Marco <1968- >$tAttori di riconciliazione.$dMilano : Àncora, 2009.$kDossier teologici del Seminario di Milano$z978-88-514-0705-6$gp.129-142$w()181982 996 $6245$aIl "dramma" della riconciliazione$9(OLS)http://semarc/title/382482